[Event "GER-ch U18 Girls"]
[Site "Oberhof"]
[Date "2013.05.21"]
[Round "4"]
[White "Kuehnel, Lena"]
[Black "Puffay, Jana"]
[Result "1-0"]
[WhiteElo "1933"]
[BlackElo "1498"]
[PlyCount "69"]
[EventDate "2013.05.19"]
[EventType "swiss"]
[EventRounds "9"]
[EventCountry "GER"]
[SourceTitle "CBM 154 Extra"]
[Source "ChessBase"]
[SourceDate "2013.06.25"]
[SourceVersion "2"]
[SourceVersionDate "2013.06.25"]
[SourceQuality "1"]

1. e4 e5 2. Nf3 Nc6 3. Bc4 Nf6 4. d4 d6 5. Ng5 d5 6. dxe5 Nxe5 7. Bxd5 Nxd5 8. exd5 h6 9. Ne4 Bf5 10. Ng3 Bh7 11. 0-0 Bd6 12. Re1 0-0 13. Nc3 Re8 14. Nce4 Bf8 15. b3 f5 16. Nc3 Bb4 17. Bb2 f4 18. Nge4 Qh4 19. f3 Bxe4 20. Rxe4 Bc5+ 21. Kh1 Bf2 22. Qe2 Bg3 23. h3 Qh5 24. Nb5 Nd7 25. Nxc7 Rxe4 26. Qxe4 Rf8 27. Ne6 Nf6 28. Qe5 Qxe5 29. Bxe5 Rf7 30. c4 Nd7 31. Bc3 Bh4 32. Rd1 Bf6 33. Bxf6 Rxf6 34. h4 Kf7 35. Rd4 1-0

[Event "GER-chT Lands U20"]
[Site "Hannover"]
[Date "2012.10.03"]
[Round "7.6"]
[White "Puffay, Jana"]
[Black "Schneider, Sabrina"]
[Result "1/2-1/2"]
[WhiteElo "1433"]
[BlackElo "1548"]
[PlyCount "51"]
[EventDate "2012.09.29"]
[EventType "team-swiss"]
[EventRounds "7"]
[EventCountry "GER"]
[SourceTitle "CBM 150 Extra"]
[Source "ChessBase"]
[SourceDate "2012.10.19"]
[SourceVersion "1"]
[SourceVersionDate "2012.10.19"]
[SourceQuality "1"]
[WhiteTeam "Saarland"]
[BlackTeam "Hessen II"]
[WhiteTeamCountry "GER"]
[BlackTeamCountry "GER"]

1. e4 e5 2. Nf3 Nc6 3. Bc4 Nf6 4. d3 Bc5 5. Bb3 0-0 6. c3 d6 7. Nbd2 Be6 8. 0-0 Bxb3 9. axb3 a6 10. h3 Ba7 11. Re1 Qe8 12. Nc4 Ne7 13. Ne3 Rd8 14. Qe2 Qb5 15. b4 Bxe3 16. Bxe3 Ng6 17. Ra5 Qc6 18. Bd2 Rfe8 19. c4 Qd7 20. Rea1 c5 21. b5 axb5 22. Rxb5 Ra8 23. Rba5 Rxa5 24. Rxa5 b6 25. Rb5 Qa7 26. b4 1/2-1/2

[Event "GER-chT Lands U20"]
[Site "Hannover"]
[Date "2012.10.01"]
[Round "5.6"]
[White "Puffay, Jana"]
[Black "Heinemann, Josefine"]
[Result "0-1"]
[WhiteElo "1433"]
[BlackElo "1868"]
[PlyCount "40"]
[EventDate "2012.09.29"]
[EventType "team-swiss"]
[EventRounds "7"]
[EventCountry "GER"]
[SourceTitle "CBM 150 Extra"]
[Source "ChessBase"]
[SourceDate "2012.10.19"]
[SourceVersion "1"]
[SourceVersionDate "2012.10.19"]
[SourceQuality "1"]
[WhiteTeam "Saarland"]
[BlackTeam "Sachsen Anhalt"]
[WhiteTeamCountry "GER"]
[BlackTeamCountry "GER"]

1. e4 c5 2. Nc3 Nc6 3. Bb5 Nd4 4. Bc4 g6 5. Nge2 Bg7 6. Nxd4 cxd4 7. Ne2 e6 8. d3 b5 9. Bb3 Bb7 10. Nf4 Ne7 11. 0-0 0-0 12. Re1 h6 13. Bd2 f5 14. exf5 Rxf5 15. Qg4 Qc7 16. Qe2 Rxf4 17. Bxf4 Qxf4 18. Qf1 Be5 19. Rxe5 Qxe5 20. Re1 Qf6 0-1

[Event "Saarland-ch B 87th"]
[Site "Voelklingen"]
[Date "2012.04.04"]
[Round "6"]
[White "Puffay, Jana"]
[Black "Brutscher, Klaus"]
[Result "1/2-1/2"]
[WhiteElo "1386"]
[BlackElo "1421"]
[PlyCount "47"]
[EventDate "2012.03.30"]
[EventType "swiss"]
[EventRounds "6"]
[EventCountry "GER"]
[SourceTitle "EXT 2013"]
[Source "ChessBase"]
[SourceDate "2012.11.22"]
[SourceVersion "1"]
[SourceVersionDate "2012.11.22"]
[SourceQuality "1"]

1. e4 c6 2. Nf3 d5 3. exd5 cxd5 4. Ne5 Bf5 5. Bb5+ Bd7 6. Qf3 Nf6 7. Bxd7+ Nbxd7 8. d4 e6 9. Bg5 Be7 10. 0-0 Qc7 11. Qc3 Rc8 12. Qxc7 Rxc7 13. c3 Bd6 14. Nxd7 Nxd7 15. Re1 h6 16. Be3 Nf6 17. Nd2 Ng4 18. h3 Nxe3 19. fxe3 0-0 20. e4 Bf4 21. Nf3 dxe4 22. Rxe4 Bd6 23. Rae1 Rd8 24. R1e2 1/2-1/2

[Event "Saarland-ch B 87th"]
[Site "Voelklingen"]
[Date "2012.04.03"]
[Round "5"]
[White "Puffay, Jana"]
[Black "Ley, Stefan"]
[Result "0-1"]
[WhiteElo "1386"]
[BlackElo "1574"]
[PlyCount "36"]
[EventDate "2012.03.30"]
[EventType "swiss"]
[EventRounds "6"]
[EventCountry "GER"]
[SourceTitle "EXT 2013"]
[Source "ChessBase"]
[SourceDate "2012.11.22"]
[SourceVersion "1"]
[SourceVersionDate "2012.11.22"]
[SourceQuality "1"]

1. e4 e5 2. Nf3 Nc6 3. Bc4 Nf6 4. d3 Be7 5. c3 0-0 6. 0-0 d6 7. Bb3 Bg4 8. Nbd2 Qd7 9. Re1 h6 10. Nf1 Rfe8 11. h3 Be6 12. Bc2 d5 13. Qe2 d4 14. Ng3 dxc3 15. bxc3 Bc5 16. Nh4 Bxh3 17. gxh3 Qxh3 18. Nf3 Qxg3+ 0-1

[Event "Saarland-ch B 87th"]
[Site "Voelklingen"]
[Date "2012.04.02"]
[Round "4"]
[White "Meyer, Michael"]
[Black "Puffay, Jana"]
[Result "1/2-1/2"]
[WhiteElo "1587"]
[BlackElo "1386"]
[PlyCount "55"]
[EventDate "2012.03.30"]
[EventType "swiss"]
[EventRounds "6"]
[EventCountry "GER"]
[SourceTitle "EXT 2013"]
[Source "ChessBase"]
[SourceDate "2012.11.22"]
[SourceVersion "1"]
[SourceVersionDate "2012.11.22"]
[SourceQuality "1"]

1. e4 c5 2. Nc3 Nc6 3. Bc4 g6 4. a4 Bg7 5. d3 Nf6 6. Nge2 d6 7. Bg5 0-0 8. 0-0 Bd7 9. f4 e6 10. Rb1 Ne7 11. Qd2 Bc6 12. Ng3 d5 13. e5 Nd7 14. Bb3 Kh8 15. Kh1 f6 16. exf6 Nxf6 17. Rbe1 Bd7 18. Qe2 Re8 19. Qf2 Qc7 20. Qe2 a6 21. Ra1 Nf5 22. Nxf5 exf5 23. Qf3 d4 24. Nd1 Bc6 25. Qh3 Ng4 26. Kg1 Ne3 27. Nxe3 Rxe3 28. Qh4 1/2-1/2

[Event "Saarland-ch B 87th"]
[Site "Voelklingen"]
[Date "2012.04.01"]
[Round "3"]
[White "Puffay, Jana"]
[Black "Priesnitz, Rainer"]
[Result "1/2-1/2"]
[WhiteElo "1386"]
[BlackElo "1540"]
[PlyCount "53"]
[EventDate "2012.03.30"]
[EventType "swiss"]
[EventRounds "6"]
[EventCountry "GER"]
[SourceTitle "EXT 2013"]
[Source "ChessBase"]
[SourceDate "2012.11.22"]
[SourceVersion "1"]
[SourceVersionDate "2012.11.22"]
[SourceQuality "1"]

1. e4 c6 2. Nf3 d5 3. exd5 cxd5 4. Ne5 a6 5. d4 Nf6 6. Nd2 Nc6 7. Ndf3 h6 8. Bd3 e6 9. 0-0 Bd6 10. c3 Bd7 11. Re1 0-0 12. Qe2 Bxe5 13. Nxe5 Nxe5 14. dxe5 Ne8 15. Qh5 f5 16. Re3 Qg5 17. Qxg5 hxg5 18. Rg3 g4 19. h3 gxh3 20. Rxh3 g6 21. Bh6 Rf7 22. Re1 Bb5 23. Ree3 Bxd3 24. Rxd3 Rc8 25. Rd4 Rc4 26. Rxc4 dxc4 27. Rg3 1/2-1/2

[Event "Saarland-ch B 87th"]
[Site "Voelklingen"]
[Date "2012.03.31"]
[Round "2"]
[White "Ganssauge, Wolfgang"]
[Black "Puffay, Jana"]
[Result "1/2-1/2"]
[WhiteElo "1512"]
[BlackElo "1386"]
[PlyCount "61"]
[EventDate "2012.03.30"]
[EventType "swiss"]
[EventRounds "6"]
[EventCountry "GER"]
[SourceTitle "EXT 2013"]
[Source "ChessBase"]
[SourceDate "2012.11.22"]
[SourceVersion "1"]
[SourceVersionDate "2012.11.22"]
[SourceQuality "1"]

1. e4 c5 2. c3 e6 3. d4 cxd4 4. cxd4 d5 5. e5 Nc6 6. Be3 Nge7 7. Bd3 Qb6 8. Qb3 Qxb3 9. axb3 Nb4 10. Bb5+ Bd7 11. Bxd7+ Kxd7 12. Kd2 Nec6 13. Nc3 Be7 14. Nf3 f5 15. Ra4 Rhf8 16. g3 a6 17. Rha1 Na7 18. Rc1 Rfc8 19. Raa1 Rc7 20. Na4 Rxc1 21. Rxc1 Nc8 22. Nc5+ Bxc5 23. Rxc5 Ne7 24. Ne1 b6 25. Rc1 Rc8 26. Rxc8 Kxc8 27. Nd3 Nec6 28. Nxb4 Nxb4 29. Kc3 a5 30. f4 Kd7 31. Kd2 1/2-1/2

[Event "GER-chT U20 Girls"]
[Site "Osnabrueck"]
[Date "2011.12.27"]
[Round "1.4"]
[White "Puffay, Jana"]
[Black "Gordeeva, Vitalia"]
[Result "1/2-1/2"]
[WhiteElo "1366"]
[BlackElo "1656"]
[PlyCount "44"]
[EventDate "2011.12.27"]
[EventType "team-swiss"]
[EventRounds "7"]
[EventCountry "GER"]
[SourceTitle "CBM 146 Extra"]
[Source "ChessBase"]
[SourceDate "2012.02.29"]
[SourceVersion "1"]
[SourceVersionDate "2012.02.29"]
[SourceQuality "1"]
[WhiteTeam "Heusweiler SC Reti (W)"]
[BlackTeam "Muelheim Nord (W)"]
[WhiteTeamCountry "GER"]
[BlackTeamCountry "GER"]

1. e4 c5 2. Nc3 e6 3. Bc4 a6 4. a4 d6 5. d3 Nd7 6. Nf3 Ngf6 7. 0-0 Be7 8. Re1 Qc7 9. Ne2 b6 10. Nf4 Ne5 11. Nxe5 dxe5 12. Nh5 Nxh5 13. Qxh5 Bf6 14. Re3 Qd7 15. Rf3 h6 16. g4 g6 17. Qh3 Bg7 18. Qg2 Bb7 19. Rg3 Bc6 20. Bb3 Ke7 21. a5 b5 22. Be3 Qa7 1/2-1/2

[Event "GER-ch U14 Girls"]
[Site "Oberhof"]
[Date "2010.05.26"]
[Round "6"]
[White "Genath, Maren"]
[Black "Puffay, Jana"]
[Result "0-1"]
[WhiteElo "1041"]
[BlackElo "1399"]
[PlyCount "86"]
[EventDate "2010.05.22"]
[EventType "swiss"]
[EventRounds "9"]
[EventCountry "GER"]
[SourceTitle "CBM 136 Extra"]
[Source "ChessBase"]
[SourceDate "2010.07.02"]
[SourceVersion "2"]
[SourceVersionDate "2010.07.15"]
[SourceQuality "1"]

1. e4 c5 2. Nc3 Nc6 3. Bc4 Nf6 4. f4 d6 5. Nf3 Nd4 6. h3 a6 7. a3 b5 8. Ba2 Bb7 9. d3 e6 10. Be3 Nc6 11. 0-0 Be7 12. Qe1 0-0 13. Nh4 Nxe4 14. Nxe4 Bxh4 15. Bf2 Bxf2+ 16. Qxf2 Qe7 17. Rae1 Qd7 18. c3 Rae8 19. Re3 c4 20. dxc4 bxc4 21. Rg3 f5 22. Nd2 d5 23. Re1 Rf7 24. Rge3 Rfe7 25. Nf3 Qc7 26. Ne5 Qb6 27. Nxc6 Bxc6 28. Qd2 Rb7 29. Kh2 Bd7 30. R3e2 Reb8 31. Rb1 Ba4 32. h4 Kf7 33. Kh3 Bb3 34. Bxb3 Qxb3 35. Qe3 Qb6 36. Qf3 Qd6 37. g3 d4 38. Rd2 d3 39. Qe3 Kf6 40. Qf3 Rb3 41. Qf2 Rxc3 42. bxc3 Rxb1 43. Rb2 Rxb2 0-1

[Event "GER-ch U14 Girls"]
[Site "Oberhof"]
[Date "2010.05.24"]
[Round "3"]
[White "Nitzsche, Pia"]
[Black "Puffay, Jana"]
[Result "1/2-1/2"]
[WhiteElo "1446"]
[BlackElo "1399"]
[PlyCount "28"]
[EventDate "2010.05.22"]
[EventType "swiss"]
[EventRounds "9"]
[EventCountry "GER"]
[SourceTitle "CBM 136 Extra"]
[Source "ChessBase"]
[SourceDate "2010.07.02"]
[SourceVersion "2"]
[SourceVersionDate "2010.07.15"]
[SourceQuality "1"]

1. e4 e5 2. Nf3 Nc6 3. Bc4 Bc5 4. b4 Bxb4 5. c3 Ba5 6. d4 exd4 7. Nxd4 Nge7 8. 0-0 d6 9. Bg5 Bd7 10. Qh5 Ne5 11. Bb3 Bg4 12. Bxf7+ Nxf7 13. Qxg4 Qd7 14. Qh5 g6 1/2-1/2

[Event "GER-ch U14 Girls"]
[Site "Oberhof"]
[Date "2010.05.23"]
[Round "2"]
[White "Puffay, Jana"]
[Black "Fischer, Maxi"]
[Result "1/2-1/2"]
[WhiteElo "1399"]
[BlackElo "1194"]
[PlyCount "102"]
[EventDate "2010.05.22"]
[EventType "swiss"]
[EventRounds "9"]
[EventCountry "GER"]
[SourceTitle "CBM 136 Extra"]
[Source "ChessBase"]
[SourceDate "2010.07.02"]
[SourceVersion "2"]
[SourceVersionDate "2010.07.15"]
[SourceQuality "1"]

1. e4 e5 2. Nf3 Nc6 3. Bc4 Bc5 4. c3 Nf6 5. d3 a6 6. Bb3 Ba7 7. 0-0 0-0 8. Nbd2 d6 9. h3 Ne7 10. Re1 Ng6 11. Nf1 b5 12. Ng3 Bb7 13. Nf5 Ne7 14. N3h4 Nxf5 15. Nxf5 c5 16. Qf3 Kh8 17. Qg3 Nh5 18. Qh4 g6 19. Bh6 gxf5 20. Qxh5 Qf6 21. Bxf8 Rxf8 22. Qxf5 Qxf5 23. exf5 Rg8 24. g3 Rg5 25. Bc2 Rxf5 26. d4 Rg5 27. dxe5 c4 28. exd6 Rxg3+ 29. Kf1 Rxh3 30. d7 Bb6 31. Rad1 Bf3 32. Re8+ Kg7 33. Ke1 Rh1+ 34. Kd2 Bxd1 35. Bxd1 h5 36. d8Q Bxd8 37. Rxd8 h4 38. Rd4 f5 39. b3 Rh2 40. Rf4 Kf6 41. bxc4 Ke5 42. Ke3 Rh1 43. Rd4 h3 44. Bf3 Re1+ 45. Kd2 Ra1 46. cxb5 Rxa2+ 47. Ke3 axb5 48. Rd5+ Kf6 49. Rxb5 h2 50. Rb6+ Kg5 51. Rb5 Kg6 1/2-1/2

[Event "Saarland-ch C 85th"]
[Site "Homburg"]
[Date "2010.04.02"]
[Round "8"]
[White "Puffay, Jana"]
[Black "Schneider, Peter"]
[Result "1/2-1/2"]
[WhiteElo "1279"]
[BlackElo "1440"]
[PlyCount "24"]
[EventDate "2010.03.28"]
[EventType "swiss"]
[EventRounds "9"]
[EventCountry "GER"]
[SourceTitle "EXT 2011"]
[Source "ChessBase"]
[SourceDate "2010.11.26"]
[SourceVersion "1"]
[SourceVersionDate "2010.11.26"]
[SourceQuality "1"]

1. e4 c5 2. Nc3 d6 3. f4 Nc6 4. Bb5 e5 5. fxe5 dxe5 6. Bxc6+ bxc6 7. Nf3 Qc7 8. 0-0 Nf6 9. d3 Be7 10. Bd2 0-0 11. Qe1 Nd7 12. Qg3 f6 1/2-1/2

[Event "Saarland-ch C 85th"]
[Site "Homburg"]
[Date "2010.03.30"]
[Round "5"]
[White "Puffay, Jana"]
[Black "Bruehan, Caren"]
[Result "0-1"]
[WhiteElo "1279"]
[BlackElo "1320"]
[PlyCount "66"]
[EventDate "2010.03.28"]
[EventType "swiss"]
[EventRounds "9"]
[EventCountry "GER"]
[SourceTitle "EXT 2011"]
[Source "ChessBase"]
[SourceDate "2010.11.26"]
[SourceVersion "1"]
[SourceVersionDate "2010.11.26"]
[SourceQuality "1"]

1. e4 b6 2. d4 Bb7 3. Bd3 d5 4. e5 c5 5. c3 e6 6. Be3 Nc6 7. Ne2 Rc8 8. a3 Be7 9. 0-0 Bg5 10. Qd2 Bxe3 11. Qxe3 cxd4 12. cxd4 Nge7 13. Nbc3 Na5 14. Nb5 0-0 15. Nd6 Rb8 16. b4 Nac6 17. Rfc1 Qd7 18. Bb5 a6 19. Bxc6 Bxc6 20. Qc3 Bb5 21. Nxb5 Qxb5 22. Qd2 Rbc8 23. h3 Nf5 24. Rc3 Rc4 25. Rac1 Rfc8 26. Rxc4 Rxc4 27. Rxc4 Qxc4 28. g4 Nh4 29. Qe3 h6 30. Kh2 Qc2 31. Nf4 Qd1 32. Kg3 g5 33. Nh5 Qg1# 0-1

[Event "Saarland-ch C 85th"]
[Site "Homburg"]
[Date "2010.03.29"]
[Round "4"]
[White "Weinmann, Helene"]
[Black "Puffay, Jana"]
[Result "0-1"]
[WhiteElo "1409"]
[BlackElo "1279"]
[PlyCount "64"]
[EventDate "2010.03.28"]
[EventType "swiss"]
[EventRounds "9"]
[EventCountry "GER"]
[SourceTitle "EXT 2011"]
[Source "ChessBase"]
[SourceDate "2010.11.26"]
[SourceVersion "1"]
[SourceVersionDate "2010.11.26"]
[SourceQuality "1"]

1. d4 d5 2. Nf3 Nc6 3. Bf4 Bf5 4. a3 Nf6 5. e3 a6 6. h3 h6 7. c4 e6 8. Nc3 Bd6 9. Bxd6 cxd6 10. cxd5 exd5 11. Be2 0-0 12. 0-0 Ne7 13. Qb3 b5 14. Nd2 Ne4 15. Ndxe4 dxe4 16. d5 Re8 17. f3 Ng6 18. f4 Qb6 19. Kf2 Nxf4 20. Rac1 Nd3+ 21. Bxd3 exd3 22. Nd1 Rac8 23. Rc3 Rxc3 24. Qxc3 Rc8 25. Qd4 Qxd4 26. exd4 Rc2+ 27. Kg3 Bg6 28. Rf2 Bh5 29. Ne3 d2 30. Nxc2 d1Q 31. Kf4 Qc1+ 32. Ne3 g5+ 0-1

[Event "GER-chT U20 Girls "]
[Site "Chemnitz"]
[Date "2009.12.27"]
[Round "2.4"]
[White "Hoffmann, Clara Sandrine"]
[Black "Puffay, Jana"]
[Result "0-1"]
[WhiteElo "1199"]
[BlackElo "1289"]
[PlyCount "130"]
[EventDate "2009.12.27"]
[EventType "team-swiss"]
[EventRounds "7"]
[EventCountry "GER"]
[SourceTitle "EXT 2022"]
[Source "ChessBase"]
[SourceDate "2021.10.06"]
[SourceVersion "1"]
[SourceVersionDate "2021.10.06"]
[SourceQuality "1"]
[WhiteTeam "Dortmund SV U20 Girls"]
[BlackTeam "Heusweiler SC Reti U20 Girls"]
[WhiteTeamCountry "GER"]
[BlackTeamCountry "GER"]

1. d4 d5 2. c4 dxc4 3. Nc3 Nd7 4. e3 Nb6 5. Nf3 Nf6 6. Be2 g6 7. 0-0 Bg7 8. e4 c6 9. e5 Nfd5 10. Na4 Nxa4 11. Qxa4 b5 12. Qc2 Bf5 13. Qd1 0-0 14. a4 a6 15. Ne1 f6 16. exf6 exf6 17. Bf3 Qb6 18. b3 c3 19. a5 Qc7 20. Ba3 b4 21. Bxd5+ cxd5 22. Bxb4 Rfb8 23. Bc5 Bf8 24. Qf3 Bxc5 25. Qxd5+ Qf7 26. Qxf7+ Kxf7 27. dxc5 Rxb3 28. Rc1 Rc8 29. Nf3 Rxc5 30. Nd4 Ra3 31. Ra1 Rcxa5 32. Rxa3 Rxa3 33. Nxf5 gxf5 34. Rc1 Ke6 35. Kf1 Kd5 36. Ke1 Kc4 37. Kd1 Kd3 38. g3 Ra2 39. Ke1 Re2+ 40. Kf1 c2 41. Ra1 Kd2 42. Ra2 Re1+ 43. Kg2 Kd1 44. Ra1+ c1Q 45. Rxc1+ Kxc1 46. h3 a5 47. Kf3 a4 48. Kf4 a3 49. Kxf5 a2 50. f4 a1Q 51. h4 Qa5+ 52. Kxf6 Qd8+ 53. Kf5 Qg8 54. h5 Re7 55. h6 Qxg3 56. Kf6 Qh4+ 57. Kf5 Rf7+ 58. Ke6 Rxf4 59. Kd6 Qg5 60. Kd7 Qd5+ 61. Ke7 Qe5+ 62. Kd7 Rd4+ 63. Kc8 Qc5+ 64. Kb8 Rb4+ 65. Ka8 Qa5# 0-1

[Event "GER-ch U14 Girls"]
[Site "Willingen"]
[Date "2009.06.03"]
[Round "7"]
[White "Lange, Annika"]
[Black "Puffay, Jana"]
[Result "0-1"]
[WhiteElo "1275"]
[BlackElo "1204"]
[PlyCount "154"]
[EventDate "2009.05.30"]
[EventType "swiss"]
[EventRounds "9"]
[EventCountry "GER"]
[SourceTitle "EXT 2010"]
[Source "ChessBase"]
[SourceDate "2010.11.25"]
[SourceVersion "1"]
[SourceVersionDate "2010.11.25"]
[SourceQuality "1"]

1. e4 c5 2. Nc3 a6 3. g3 b5 4. Bg2 Bb7 5. d3 Nf6 6. f4 e6 7. Nf3 Be7 8. 0-0 Nc6 9. Be3 Ng4 10. Bd2 Qb6 11. Qe1 c4+ 12. Kh1 Bc5 13. dxc4 Nf2+ 14. Rxf2 Bxf2 15. Qe2 bxc4 16. b3 cxb3 17. cxb3 Bc5 18. Na4 Qa7 19. Nxc5 Qxc5 20. Rc1 Qb5 21. Qe1 0-0 22. Bf1 Qb6 23. Rc4 Rfc8 24. a4 Qxb3 25. Kg2 Qb6 26. a5 Qd8 27. Rc1 Ne7 28. Rb1 Bc6 29. Rb6 Bb5 30. Bxb5 axb5 31. Rxb5 Nc6 32. Qa1 Ra6 33. Rg5 f6 34. Rc5 Rca8 35. f5 Nxa5 36. Bxa5 Rxa5 37. Rxa5 Qxa5 38. Qf1 Qa1 39. Qxa1 Rxa1 40. fxe6 dxe6 41. e5 Ra2+ 42. Kg1 Rb2 43. exf6 gxf6 44. h4 h5 45. Kf1 Ra2 46. Nd4 Kf7 47. Ne2 e5 48. Kf2 Ra3 49. Kg2 Kg6 50. Kf2 Kf5 51. Ng1 Kg4 52. Ne2 Ra2 53. Ke3 Rxe2+ 54. Kxe2 Kxg3 55. Ke3 f5 56. Ke2 f4 57. Kf1 e4 58. Ke1 Kg2 59. Ke2 f3+ 60. Ke3 f2 61. Kxe4 f1Q 62. Ke5 Qc4 63. Kf5 Qg4+ 64. Ke5 Kf3 65. Kd5 Qf4 66. Kc5 Ke3 67. Kd5 Qe4+ 68. Kd6 Qf5 69. Kc6 Kd4 70. Kd6 Qe5+ 71. Kd7 Qf6 72. Kc7 Kc5 73. Kd7 Kb6 74. Ke8 Qg7 75. Kd8 Kc6 76. Ke8 Kd6 77. Kd8 Qd7# 0-1

[Event "GER-ch U14 Girls"]
[Site "Willingen"]
[Date "2009.06.03"]
[Round "6"]
[White "Puffay, Jana"]
[Black "Schmitt, Katrin"]
[Result "0-1"]
[WhiteElo "1204"]
[BlackElo "1606"]
[PlyCount "96"]
[EventDate "2009.05.30"]
[EventType "swiss"]
[EventRounds "9"]
[EventCountry "GER"]
[SourceTitle "EXT 2010"]
[Source "ChessBase"]
[SourceDate "2010.11.25"]
[SourceVersion "1"]
[SourceVersionDate "2010.11.25"]
[SourceQuality "1"]

1. e4 e5 2. Nf3 Nc6 3. Bc4 Bc5 4. c3 Nf6 5. d3 a6 6. Bb3 Ba7 7. Nbd2 d5 8. Qe2 0-0 9. 0-0 Re8 10. h3 dxe4 11. Nxe4 Nxe4 12. Qxe4 h6 13. Bc2 f5 14. Bb3+ Kh7 15. Qe2 Be6 16. Bc2 Qf6 17. Be3 Bf7 18. Bxa7 Nxa7 19. Rfe1 Nc6 20. Nh2 Rad8 21. g4 Bg6 22. Rad1 Qh4 23. Qf3 Rf8 24. Qg2 fxg4 25. hxg4 Rd6 26. Re3 Rfd8 27. Nf3 Qf6 28. g5 Qf4 29. gxh6 gxh6 30. Ne1 Rg8 31. Rg3 Ne7 32. a3 Nf5 33. Rg4 Qxg4 34. Qxg4 Bh5 35. Qxg8+ Kxg8 36. Rd2 Ng7 37. d4 exd4 38. Rxd4 Rxd4 39. cxd4 Ne6 40. Bb3 Bf7 41. Nf3 Nf4 42. Bxf7+ Kxf7 43. Kf1 Ke6 44. Kg1 Nd3 45. b3 h5 46. Kg2 Kd5 47. Kg3 c6 48. Kg2 Ke4 0-1

[Event "Saarland-ch C"]
[Site "Schiffweiler"]
[Date "2009.04.10"]
[Round "8"]
[White "Bruehan, Sascha"]
[Black "Puffay, Jana"]
[Result "0-1"]
[WhiteElo "1103"]
[BlackElo "1235"]
[PlyCount "40"]
[EventDate "2009.04.03"]
[EventType "swiss"]
[EventRounds "9"]
[EventCountry "GER"]
[SourceTitle "EXT 2012"]
[Source "ChessBase"]
[SourceDate "2011.11.24"]
[SourceVersion "1"]
[SourceVersionDate "2011.11.24"]
[SourceQuality "1"]

1. d4 Nf6 2. Nf3 g6 3. c4 Bg7 4. Bf4 d5 5. Nc3 Be6 6. Nb5 Na6 7. Qd2 0-0 8. Ng5 c6 9. cxd5 Nxd5 10. Nc3 Nxf4 11. Qxf4 Qxd4 12. Qc1 Rad8 13. Nf3 Qd6 14. e3 Nb4 15. a3 Nd3+ 16. Bxd3 Qxd3 17. Qd2 Qc4 18. Qe2 Bxc3+ 19. Kf1 Qxe2+ 20. Kxe2 Bc4# 0-1

[Event "Saarland-ch C"]
[Site "Schiffweiler"]
[Date "2009.04.08"]
[Round "6"]
[White "Keller, Norbert"]
[Black "Puffay, Jana"]
[Result "1/2-1/2"]
[WhiteElo "1155"]
[BlackElo "1235"]
[PlyCount "50"]
[EventDate "2009.04.03"]
[EventType "swiss"]
[EventRounds "9"]
[EventCountry "GER"]
[SourceTitle "EXT 2012"]
[Source "ChessBase"]
[SourceDate "2011.11.24"]
[SourceVersion "1"]
[SourceVersionDate "2011.11.24"]
[SourceQuality "1"]

1. g3 d5 2. d4 Nc6 3. Bg2 Bf5 4. a3 Nf6 5. Nf3 e6 6. Nc3 Bd6 7. Bg5 h6 8. Bxf6 Qxf6 9. Nb5 0-0-0 10. c3 a6 11. Nxd6+ Rxd6 12. 0-0 e5 13. e3 e4 14. Nd2 Qe6 15. Qa4 Kd8 16. c4 dxc4 17. Rac1 Ne7 18. Nb1 Nd5 19. Nc3 b5 20. Qc2 Nxc3 21. Qxc3 Ke7 22. Rfd1 Rhd8 23. Rd2 Kf8 24. h4 Qd7 25. Rf1 Bh7 1/2-1/2

[Event "Saarland-ch C"]
[Site "Schiffweiler"]
[Date "2009.04.04"]
[Round "2"]
[White "Mecha, David"]
[Black "Puffay, Jana"]
[Result "0-1"]
[WhiteElo "1087"]
[BlackElo "1235"]
[PlyCount "92"]
[EventDate "2009.04.03"]
[EventType "swiss"]
[EventRounds "9"]
[EventCountry "GER"]
[SourceTitle "EXT 2012"]
[Source "ChessBase"]
[SourceDate "2011.11.24"]
[SourceVersion "1"]
[SourceVersionDate "2011.11.24"]
[SourceQuality "1"]

1. e4 c5 2. Nf3 Nc6 3. d4 cxd4 4. Nxd4 g6 5. Nc3 Bg7 6. Be3 Nf6 7. Be2 d5 8. exd5 Nxd5 9. Nxd5 Qxd5 10. c3 0-0 11. Bf3 Qd6 12. Nxc6 Qxd1+ 13. Rxd1 bxc6 14. Bxc6 Rb8 15. 0-0 Rxb2 16. Bxa7 Bxc3 17. a4 Ba6 18. Bb5 Bxb5 19. axb5 Rxb5 20. Rd3 Ra8 21. Be3 Bf6 22. Bh6 Rh5 23. Be3 Kg7 24. g3 Rha5 25. Bd4 Bxd4 26. Rxd4 Ra1 27. Rxa1 Rxa1+ 28. Kg2 h5 29. h4 f5 30. Kf3 Kf6 31. Rc4 Ra3+ 32. Kg2 Rd3 33. Rc6+ Rd6 34. Rc3 e6 35. Re3 Rd5 36. f4 e5 37. Rxe5 Rxe5 38. fxe5+ Kxe5 39. Kf3 Ke6 40. Kf4 Kf6 41. Kf3 g5 42. hxg5+ Kxg5 43. Kg2 Kg4 44. Kh2 h4 45. gxh4 Kxh4 46. Kg2 Kg4 0-1

[Event "GER-ch U12"]
[Site "Willingen"]
[Date "2008.05.13"]
[Round "5"]
[White "Steimbach, Isabel"]
[Black "Puffay, Jana"]
[Result "1-0"]
[WhiteElo "1448"]
[BlackElo "1047"]
[PlyCount "105"]
[EventDate "2008.05.11"]
[EventType "swiss"]
[EventRounds "11"]
[EventCountry "GER"]
[SourceTitle "CBM 124 Extra"]
[Source "ChessBase"]
[SourceDate "2008.07.03"]
[SourceVersion "1"]
[SourceVersionDate "2008.07.03"]
[SourceQuality "1"]

1. e4 e5 2. Nf3 Nc6 3. Bb5 a6 4. Bxc6 dxc6 5. 0-0 Bg4 6. h3 Bh5 7. g4 Bg6 8. Nxe5 Qd4 9. Nxg6 hxg6 10. c3 Qd6 11. Kg2 0-0-0 12. d4 c5 13. Be3 Be7 14. Qf3 cxd4 15. cxd4 f5 16. Nc3 fxe4 17. Nxe4 Qd5 18. Rh1 Nf6 19. Nxf6 Qxf3+ 20. Kxf3 gxf6 21. Kg2 g5 22. Rac1 Rd5 23. Rhe1 Bb4 24. Re2 Rhd8 25. f4 gxf4 26. Bxf4 Ba5 27. Be3 Bb6 28. Rf1 R8d6 29. Rd2 Kd7 30. h4 Ke7 31. g5 fxg5 32. Bxg5+ Kd7 33. Rf7+ Kc6 34. Be3 Bxd4 35. Bxd4 Rxd4 36. Rxd4 Rxd4 37. Kg3 Rd3+ 38. Rf3 Rxf3+ 39. Kxf3 Kd7 40. Ke4 Ke7 41. Kf5 Kf7 42. Ke5 Ke7 43. h5 Kf7 44. h6 Kg6 45. Ke6 Kxh6 46. Kd7 b5 47. Kxc7 b4 48. Kb6 a5 49. Kxa5 b3 50. a3 Kg6 51. Kb4 Kf6 52. Kxb3 Ke6 53. Kb4 1-0